000 01161nam a22002177a 4500
999 _c168636
_d168636
005 20191018112200.0
010 _aB-730567
020 _a9789353094157
_c40.00
035 _aB-730567
037 _bडी.बी.ए.डी./ उपहार
082 _a
100 _aमेरिल गार्शिया
245 _aउन्नी की चाहत /
_cमेरिल गार्शिया ; फ़हद फैजल द्वारा चित्रांकित ; निर्मला शुक्ला द्वारा हिन्दी अनुवाद
260 _aनई दिल्ली
_bप्रथम बुक्स
_c2018
270 _a#621, 2nd floor, 5th Main, OMBR Layout, Banaswadi,
_bBengaluru
_e560043
_k+91 80 42052574, 91 11 41042483
300 _a16पृ.
_bसचित्र
_c14x20 सेमी (अजिल्द)
700 _928835
_aफ़हद फैजल
700 _928836
_aशुक्ला, निर्मला
942 _2ddc
_cCH
_h
_mमेरिल